A Group Called Women : Sisterhood and Symbolism in the Feminist Movement /

Збережено в:
Бібліографічні деталі
Автор: Cassell, Joan (autor)
Формат: Книга
Мова:Англійська
Опубліковано: Prospect Heights, EUA : Waveland, 1989, c1977
Предмети:
Теги: Додати тег
Немає тегів, Будьте першим, хто поставить тег для цього запису!

MARC

LEADER 00000nam^a2200000^a^4500
001 000190936
005 20250521000000.0
009 20260310102510.04
020 |a 0-88133-417-0 
037 |a Acervo ITESO - Biblioteca 
041 |a ING 
082 |a 305. 4209734710924  |b CAS 
100 |a Cassell, Joan  |e (autor) 
245 1 2 |a A Group Called Women :  |b Sisterhood and Symbolism in the Feminist Movement /  |c J. Cassell ; pról. de Sue-Ellen Jacobs. 
264 4 |a Prospect Heights, EUA :  |b Waveland,  |c 1989, c1977 
300 |a XXVI, 240 p. 
336 |a texto  |b txt  |2 rdacontenido 
337 |a sin mediación  |b n  |2 rdamedio 
338 |a volumen  |b nc  |2 rdasoporte 
649 |a XX 
650 |a Feministas -  |z Nueva York, EUA -  |x Historia 
650 |a Feministas -  |z EUA -  |x Historia 
650 |a Mujeres -  |z Nueva York, EUA -  |x Historia 
650 |a Mujeres -  |z EUA -  |x Historia 
650 |a Feminismo -  |z Nueva York, EUA -  |x Historia -  |x Tema Principal 
650 |a Feminismo -  |z Nueva York, EUA -  |x Historia -  |y 1969-1974 
650 |a Feminismo -  |z Nueva York, EUA -  |x Historia -  |y Siglo XX 
650 |a Feminismo -  |z EUA -  |x Historia -  |y 1969-1974 
650 |a Feminismo -  |z EUA -  |x Historia -  |y Siglo XX 
650 |a Movimientos Sociales -  |z Nueva York, EUA -  |x Historia -  |y 1969-1974 
650 |a Movimientos Sociales -  |z Nueva York, EUA -  |x Historia -  |y Siglo XX 
650 |a Movimientos Sociales -  |z EUA -  |x Historia -  |y 1969-1974 
650 |a Movimientos Sociales -  |z EUA -  |x Historia -  |y Siglo XX 
650 |a Simbolismo 
650 |a Antropología Cultural 
910 |a Fondo General 
920 |a Impresos - Libros 
930 |a Colección General 
905 |a 101 
901 |a 0500134209  |b IT1  |c ACC  |u 20250521 
902 |a https://opac.biblio.iteso.mx/vufind/Record/000190936